Procesos colectivos (Registro nro. 260)
[ vista simple ]
| 000 -LEADER | |
|---|---|
| fixed length control field | 01102 a2200229 4500 |
| 001 - CONTROL NUMBER | |
| control field | 2285 |
| 005 - DATE AND TIME OF LATEST TRANSACTION | |
| control field | 20260407155423.0 |
| 008 - FIXED-LENGTH DATA ELEMENTS--GENERAL INFORMATION | |
| fixed length control field | 260407a2006 arg spa d |
| 003 - CONTROL NUMBER IDENTIFIER | |
| control field | AR-UNSa-BCEJYS |
| 040 ## - CATALOGING SOURCE | |
| Original cataloging agency | AR-UNSa-BCEJYS |
| Language of cataloging | spa |
| Transcribing agency | AR-UNSa-BCEJYS |
| 080 ## - UNIVERSAL DECIMAL CLASSIFICATION NUMBER | |
| Universal Decimal Classification number | 347.91 |
| Common auxiliary subdivision | Procedimientos civiles particulares (Derecho Procesal Civil) |
| 020 ## - INTERNATIONAL STANDARD BOOK NUMBER | |
| International Standard Book Number | 978-950-727-757-3 |
| 100 1# - MAIN ENTRY--PERSONAL NAME | |
| Personal name | Oteiza, Eduardo |
| 245 10 - TITLE STATEMENT | |
| Title | Procesos colectivos |
| 264 #1 - PRODUCTION, PUBLICATION, DISTRIBUTION, MANUFACTURE, AND COPYRIGHT NOTICE | |
| Place of production, publication, distribution, manufacture | Buenos Aires : |
| Name of producer, publisher, distributor, manufacturer | Rubinzal-Culzoni Editores |
| Date of production, publication, distribution, manufacture, or copyright notice | 2006 |
| 300 ## - PHYSICAL DESCRIPTION | |
| Extent | 507 p. |
| Dimensions | 22 cm. |
| 505 ## - FORMATTED CONTENTS NOTE | |
| Formatted contents note | 1. Las manifestaciones de los derechos protegidos.Diferencias conceptuales y efectos de la tutela jurisdiccional sobre los derechos difusos,colectivos y homogéneos - 2. Legitimación y representación adecuada - 3. Pautas procesales que garanticen la efectividad del proceso colectivo - 4. Litispendencia y cosa juzgada. |
| 590 ## - LOCAL NOTE (RLIN) | |
| Local note | niveau_biblio:m niveau_hierar:0 |
| 700 1# - ADDED ENTRY--PERSONAL NAME | |
| Personal name | Asociación Argentina de Derecho Procesal |
| 856 41 - ELECTRONIC LOCATION AND ACCESS | |
| Uniform Resource Identifier | <a href="https://biblioeco.unsa.edu.ar/pmb/images/libros/Procesos colectivos2-l118258.jpg">https://biblioeco.unsa.edu.ar/pmb/images/libros/Procesos colectivos2-l118258.jpg</a> |
| Link text | Imagen de portada |
| Electronic format type | image/jpeg |
| 942 ## - ADDED ENTRY ELEMENTS (KOHA) | |
| Koha item type | |
| Withdrawn status | Lost status | Damaged status | Not for loan | Home library | Current library | Shelving location | Date acquired | Total checkouts | Full call number | Barcode | Date last seen | Price effective from | Koha item type |
|---|---|---|---|---|---|---|---|---|---|---|---|---|---|
| Biblioteca Prof. Eusebio Cleto del Rey | Biblioteca Prof. Eusebio Cleto del Rey | 07/04/2026 | 347.91 O87 | L118258 | 07/04/2026 | 07/04/2026 | Libro |